000 00780nam a22002417a 4500
001 3465
003 FISKH
005 20240307141508.0
008 240307b cb ||||| |||| 00| 0 eng d
040 _aFISK
_beng
_cFISK
_dFISK
050 _aPZ7.G88429
082 _a356
100 _aGrimes Nikki
_d1950-
245 _aMake Way for Dyamonde Daniel /
_b
_cNikki Grimes
260 _aNew York :
_bScholastic,
_c2009
300 _a74 pages :
_billustrations,
_c20 cm
505 _aK
520 _aSpunky third-grader Dyamonde Daniel misses her old neighborhood, but when she befriends a boy named Free, another new student at school, she finally starts to feel at home.
521 8 _a620
_bLexile
700 _aNikki Grimes
942 _2ddc
_cBK
_n0
999 _c3465
_d3465